| 000 | 00362nam a2200133Ia 4500 | ||
|---|---|---|---|
| 008 | 231017s9999 xx 000 0 und d | ||
| 082 | _a363.12522LOC | ||
| 082 | _bLOC | ||
| 245 | 0 | _aNCHRP Report 525: Surface Transportation Security Volume 6: Guide for Emergency Transportation Operations | |
| 245 | 0 | _cTRB | |
| 260 | _bTRB | ||
| 300 | _c30cm | ||
| 942 | _cREP | ||
| 999 |
_c603704 _d603704 |
||